Naptára
| Format: | Serial |
|---|---|
| Language: | English |
| Published: |
Bratislava
Hiradó
|
MARC
| LEADER | 00000nas a2200000 a 4500 | ||
|---|---|---|---|
| 001 | vtls010129454 | ||
| 003 | SK-MaSNL | ||
| 005 | 20260221120122.0 | ||
| 008 | 100907c mr1 0 0eng d | ||
| 040 | |a SNK |b slo |c SNK | ||
| 245 | 0 | 0 | |a Naptára |
| 260 | |a Bratislava |b Hiradó | ||
| 500 | |a Popis podľa: Roč. ...; č. ...;Rok 1920. ... | ||
| 910 | |a snk | ||
| 999 | |c 5552 |d 7482 | ||
| 952 | |0 0 |1 0 |4 0 |7 0 |8 3 |a SNK |b SNK |d 2010-09-07 |i snkK 567/67 |l 0 |o snkČSC 1238/1920 |p 17A0668969 |r 2026-02-21 19:54:57 |w 2026-02-21 |y PREZ | ||
| 952 | |0 0 |1 0 |4 0 |7 0 |8 5 |a SNK |b SNK |d 2010-09-07 |i snkF 3176/70 |l 0 |o snkČSC 1238/1927 |p 17A0668968 |r 2026-02-21 19:54:58 |w 2026-02-21 |y PREZ | ||
| 952 | |0 0 |1 0 |4 0 |7 0 |8 5 |a SNK |b SNK |d 2010-09-07 |i snkF 5567/77 |l 0 |o snkČSC 1238/1929 |p 17A0668967 |r 2026-02-21 19:54:58 |w 2026-02-21 |y PREZ | ||


